| 000 | 00386nam a2200157Ia 4500 | ||
|---|---|---|---|
| 008 | 230312s9999||||xx |||||||||||||| ||und|| | ||
| 020 | _a81-317-2092-9 | ||
| 082 |
_a621.382 _bSKL-D |
||
| 100 | _aSklar;Bernard | ||
| 245 | 0 | _aDigital Communications | |
| 260 |
_bPearson _aIndia _c2013 |
||
| 300 | _a1137 | ||
| 546 | _aEng. | ||
| 650 |
_aEngineering _vDigital Communications |
||
| 942 | _cBK | ||
| 999 |
_c9422 _d9422 |
||